Library Banner

مسافران لندن (Record no. 79495)

MARC details
000 -LEADER
fixed length control field 00382nam a22001337a 4500
005 - DATE AND TIME OF LATEST TRANSACTION
control field 20151204090644.0
008 - FIXED-LENGTH DATA ELEMENTS--GENERAL INFORMATION
fixed length control field 151204b xxu||||| |||| 00| 0 eng d
040 ## - CATALOGING SOURCE
Transcribing agency PK-LaUMT
082 ## - DEWEY DECIMAL CLASSIFICATION NUMBER
Classification number MSC 915.3
Item number MUS-
245 ## - TITLE STATEMENT
Title مسافران لندن
Statement of responsibility, etc جوادالدولہ عارف جنگ(مرتب
260 ## - PUBLICATION, DISTRIBUTION, ETC. (IMPRINT)
Place of publication, distribution, etc لاہور
Name of publisher, distributor, etc مجلس ترقی ادب
Date of publication, distribution, etc 2009
300 ## - PHYSICAL DESCRIPTION
Extent 237 ص
942 ## - ADDED ENTRY ELEMENTS (KOHA)
Koha item type Books
Holdings
Withdrawn status Lost status Damaged status Home library Current library Date acquired Full call number Barcode Date last seen Price effective from Koha item type
      UMT Main Campus UMT Main Campus 2015-12-04 MSC 915.3 MUS- 95233 2015-12-04 2015-12-04 Books